000 01473cam a2200133 4500500
005 20251214005131.0
041 _afre
042 _adc
100 1 0 _aDelzescaux, Sabine
_eauthor
245 0 0 _aNorbert Elias : Distinction, conscience et violence
260 _bArmand Colin,
_c2016.
520 _aCe livre renouvelle notre regard sur Norbert Elias ( 1897-1990), en le replaçant dans son contexte scientifique, historique, mais aussi biographique. Hanté par le spectre de la Première Guerre mondiale qui l’a profondément et durablement marqué, l’homme, réfugié à Londres en 1935, n’a qu’une certitude : à la violence et à ses formes multiples peut – et doit selon lui – être opposée la raison savante, raison que la sociologie processuelle qu’il développe a vocation d’incarner. Elias ambitionne de bâtir un nouveau modèle en science sociale, attentif aux apports de la biologie, de l’histoire, de l’anthropologie, de la psychanalyse. Ce livre présente la richesse, l’ampleur, l’unité du projet scientifique du sociologue. En étudiant le processus séculaire de formation des autocontraintes au cœur du processus de civilisation, il offre une compréhension de ce processus qui s’avère d’autant plus impérative que la conscience qui émerge en son sein n’est jamais à l’abri d’un retour de la violence.
856 4 1 _uhttps://shs.cairn.info/norbert-elias--9782200281182?lang=fr&redirect-ssocas=7080
999 _c1568688
_d1568688